00314pab a2200121 454500008004000000100001800040245006500058260000900123300000900132362000900141650001000150773003200160180718b1988 xxu||||| |||| 00| 0 eng d aGan, Chin Lee aEconomic theories of women's inferior labour market position c1988 a1-12 aJul. aWomen aIndian Journal of Economics